[Event "Crailsheim op 1st"]
[Site "Crailsheim"]
[Date "1995.??.??"]
[Round "?"]
[White "Skorna, Ullrich"]
[Black "Zach, Andreas"]
[Result "0-1"]
[WhiteElo "2250"]
[BlackElo "2245"]

1.e4 e6 2.d4 d5 3.Nc3 Nf6 4.e5 Ne4 5.Nce2 f6 6.f3 Ng5 7.Bxg5 fxg5 8.Qd2 c5
9.f4 Be7 10.Nh3 gxf4 11.Nexf4 cxd4 12.Bd3 Nc6 13.O-O Qc7 14.Rae1 Bd7 15.a3 O-O-O
16.Qe2 g6 17.Bb5 Kb8 18.Bxc6 Qxc6 19.Nd3 Rhf8 20.Rxf8 Rxf8 21.Rf1 Qc8 22.Rxf8 Qxf8
23.Qf2 Qxf2+ 24.Kxf2 Ba4 25.Nhf4 Bxc2 26.Ke2 Bg5 27.Nxe6 Bxd3+ 28.Kxd3 Bc1
29.Kc2 Bh6 30.b3 Kc8 31.Kd3 Kd7 32.Nxd4 Bg7 33.Nf3 Ke6 34.Kd4 h6 35.g4 b6
36.g5 h5 37.h3 Bh8 38.b4 Bg7 39.a4 Bf8 40.Nh4 Bxb4 41.Nxg6 Bc5+ 42.Kd3 Kf5
43.Nf4 Kxg5 44.Nxd5 Kf5 45.Nf6 h4 46.Ng4 Kf4 47.e6 Kf5 48.Nh2 Kxe6 49.Ke4 Bf2
50.Kf3 Bg3 51.Nf1 Bd6 52.Ke4 Be7 53.Ne3 Bg5 54.Nc4 Be7 55.Ne3 Bc5 56.Ng2 Bf2
57.Kf3 Bg3 58.Ke4 Kd6 59.Kd4 Bf2+ 60.Kc4 Ke5 61.Kd3 Kd5 62.Ke2 Bg3 63.Ne3+ Ke4
64.Nc2 Bd6 65.Ne3 Bc5 66.Ng2 Be7  0-1

[Event "DEN-chT 9495"]
[Site "?"]
[Date "1995.??.??"]
[Round "5"]
[White "Kristiansen, Jens"]
[Black "Hvenekilde, Jorgen"]
[Result "0-1"]
[WhiteElo "2415"]
[BlackElo "2320"]

1.e4 e6 2.d4 d5 3.Nc3 Nf6 4.e5 Nfd7 5.f4 c5 6.Nf3 b6 7.Be3 Be7 8.a4 Nc6 9.Be2 Bb7
10.O-O g6 11.Nb5 a6 12.Na3 Rc8 13.c3 cxd4 14.Nxd4 Nc5 15.Nac2 Ne4 16.Nxc6 Rxc6
17.Nd4 Rc8 18.Bd3 O-O 19.Qe2 Nc5 20.Bc2 a5 21.Nb5 Ba6 22.Rad1 Bxb5 23.axb5 Qc7
24.Bd4 Nd7 25.g4 Bc5 26.Bd3 Rfe8 27.Kh1 a4 28.Rde1 a3 29.bxa3 Bxd4 30.cxd4 Qc3
31.Qe3 Ra8 32.f5 exf5 33.gxf5 Rxa3 34.Qh6 Nf8 35.f6 Ne6 36.Bxg6 hxg6 37.Qxg6+ fxg6
38.f7+ Kf8  0-1

[Event "Dortmund op"]
[Site "Dortmund"]
[Date "1995.??.??"]
[Round "5"]
[White "Beckemeier, Werner"]
[Black "Blauert, Joerg"]
[Result "0-1"]
[WhiteElo "2380"]
[BlackElo "2390"]

1.e4 e6 2.d4 d5 3.Nc3 Nf6 4.e5 Nfd7 5.f4 c5 6.Nf3 Nc6 7.Be3 cxd4 8.Nxd4 Qb6
9.Ncb5 a6 10.Nf5 Bc5 11.Bxc5 Nxc5 12.Nbd6+ Kf8 13.Nd4 Qb4+ 14.c3 Qxb2 15.Nxc6 Qxc3+
16.Kf2 bxc6 17.Rc1 Qb2+ 18.Qc2 Ne4+ 19.Nxe4 Qd4+ 20.Kf3 Qxe4+ 21.Qxe4 dxe4+
22.Kxe4 Ke7 23.Ke3 Bd7 24.Bd3 Rhb8 25.Rb1 a5 26.Rhc1 h6 27.Be4 Kd8 28.a3 Kc7
29.Kd4 Be8 30.Kc5 Rxb1 31.Rxb1 Rd8 32.Rb6 Rd1 33.Ra6 Rc1+ 34.Kd4 c5+ 35.Ke3 Re1+
36.Kf3 Rxe4 37.Kxe4 Bc6+ 38.Rxc6+ Kxc6 39.a4 f6 40.exf6 gxf6 41.g4 Kd6 42.h4 e5
43.f5 c4 44.h5 c3 45.Kd3 e4+ 46.Kxc3 Ke5 47.Kc4 Kf4 48.Kd4 Kxg4  0-1

[Event "Emden"]
[Site "Emden"]
[Date "1995.??.??"]
[Round "9"]
[White "Bangiev, Alexander"]
[Black "Buchenau, Frank"]
[Result "1-0"]
[WhiteElo "2405"]
[BlackElo "2260"]

1.e4 e6 2.d4 d5 3.Nc3 Nf6 4.e5 Nfd7 5.f4 c5 6.Nf3 Nc6 7.Be3 cxd4 8.Nxd4 Qb6
9.Qd2 Qxb2 10.Rb1 Qa3 11.Bb5 Nxd4 12.Bxd4 Bb4 13.O-O O-O 14.Rb3 Qa5 15.Qf2 f5
16.Rfb1 Be7 17.Bxd7 Bxd7 18.Rxb7 Rfd8 19.R1b3 Bf8 20.Bxa7 Rac8 21.Bb6 Qxb6
22.R7xb6 Bc5 23.Rd6 Bxf2+ 24.Kxf2 Kf7 25.Ke3 Rc4 26.Ne2 Ke8 27.Nd4 Bc8 28.Rbb6 Rxd6
29.Rxd6 Ke7 30.Rc6 Rxc6 31.Nxc6+ Kd7 32.Na7 Ba6 33.Kd4  1-0

[Event "Catalunya-chT"]
[Site "ESP"]
[Date "1995.??.??"]
[Round "?"]
[White "Picanol, Antonio"]
[Black "Rahal, Michael"]
[Result "0-1"]
[WhiteElo "2250"]
[BlackElo "2330"]

1.e4 e6 2.d4 d5 3.Nc3 Nf6 4.e5 Nfd7 5.f4 c5 6.Nf3 Nc6 7.Be3 Qb6 8.Na4 Qa5+
9.c3 b6 10.Bd2 c4 11.b4 Qa6 12.g3 b5 13.Nb2 Qa3 14.Rb1 f5 15.exf6 Nxf6 16.Qc2 Nxb4
17.cxb4 Qxf3 18.Rg1 Qe4+ 19.Qxe4 Nxe4 20.Nd1 a5 21.a3 Nxd2 22.Kxd2 axb4 23.axb4 Ra2+
24.Kc3 Be7 25.Ne3 O-O 26.Bg2 Ra3+  0-1

[Event "Finkenstein op"]
[Site "Finkenstein"]
[Date "1995.??.??"]
[Round "4"]
[White "Podkriznik, Gregor"]
[Black "Preis, Wolfgang"]
[Result "1-0"]
[WhiteElo "2210"]
[BlackElo "2075"]

1.e4 e6 2.d4 d5 3.Nc3 Nf6 4.e5 Ne4 5.Nxe4 dxe4 6.Ne2 c5 7.c3 Nc6 8.a3 b6
9.Be3 Bb7 10.Ng3 Be7 11.Bb5 a6 12.Ba4 b5 13.Bc2 cxd4 14.cxd4 Na5 15.Bxe4 Bxe4
16.Nxe4 Nc4 17.O-O Nxb2 18.Qg4 Kf8 19.Ng3 Nc4 20.Nh5 Rg8 21.Nxg7 h5 22.Qxh5 Qb6
23.Bh6 Bxa3 24.Nxe6+ Ke7 25.Nf4 Qb7 26.d5 Bb2 27.e6 fxe6 28.dxe6 Nd6 29.Bg5+ Rxg5
30.Qxg5+ Kf8 31.e7+ Ke8 32.Qg8+ Kd7 33.Qe6+ Ke8  1-0

[Event "GER-ch U20 qual1"]
[Site "?"]
[Date "1995.??.??"]
[Round "4"]
[White "Enzmann, Steffen"]
[Black "Ellers, Holger"]
[Result "1-0"]
[WhiteElo "2160"]
[BlackElo "2355"]

1.e4 e6 2.d4 d5 3.Nc3 Nf6 4.e5 Nfd7 5.f4 c5 6.Nf3 Nc6 7.Be3 cxd4 8.Nxd4 Bc5
9.Qd2 O-O 10.O-O-O a6 11.h4 Nxd4 12.Bxd4 b5 13.Rh3 Bb7 14.h5 b4 15.Na4 Qa5
16.f5 Bxd4 17.Qxd4 Qxa4 18.Rg3 Kh8 19.Bd3 Rg8 20.fxe6 fxe6 21.Rg6 Rac8 22.h6 Nc5
23.Rxg7 Rxg7 24.hxg7+ Kxg7 25.Qg4+ Kh8 26.Bxh7 Qxa2 27.Kd2 Qxb2 28.Rh1 Nb3+
29.Ke2 Nd4+ 30.Kf2 Qc1 31.Rxc1 Rf8+ 32.Ke3  1-0

[Event "BL2-N9495"]
[Site "Germany"]
[Date "1995.??.??"]
[Round "?"]
[White "Rudolf, Henrik"]
[Black "Bornemann, Wolfram"]
[Result "1-0"]
[WhiteElo "2245"]
[BlackElo "2310"]

1.e4 e6 2.d4 d5 3.Nc3 Nf6 4.e5 Ne4 5.Nxe4 dxe4 6.c3 c5 7.Ne2 Nc6 8.a3 Bd7
9.Be3 Be7 10.b4 cxd4 11.cxd4 a5 12.b5 Na7 13.Nc3 Rc8 14.Qb3 Rxc3 15.Qxc3 Nxb5
16.Qb2 Nxa3 17.Rxa3 Bb4+ 18.Bd2 Bxa3 19.Qxa3 b6 20.Be2 Bc6 21.O-O Qxd4 22.Bc3 Qc5
23.Qxc5 bxc5 24.Bxa5 O-O 25.Bc7 Rc8 26.Rb1 h6 27.Rb8 Rxb8 28.Bxb8 Bd5 29.Ba7 c4
30.Bd4 Kf8 31.Kf1 Ke8 32.Ke1 Kd7 33.Kd1 Kc6 34.Kc2 Kb5 35.Kc3 g6 36.g3 h5
37.h4  1-0

[Event "BL2-N9495"]
[Site "Germany"]
[Date "1995.??.??"]
[Round "?"]
[White "Rudolf, Henrik"]
[Black "Giehring, Sebastian"]
[Result "1-0"]
[WhiteElo "2245"]
[BlackElo "2195"]

1.e4 e6 2.d4 d5 3.Nc3 Nf6 4.e5 Nfd7 5.f4 c5 6.Nf3 Nc6 7.Be3 a6 8.Qd2 b5 9.h4 b4
10.Nd1 a5 11.g3 Qb6 12.h5 cxd4 13.Nxd4 Bc5 14.Nxc6 Qxc6 15.h6 g6 16.Bxc5 Nxc5
17.Bg2 Bb7 18.Ne3 Na4 19.Qd4 Rc8 20.a3 Qc5 21.Qxc5 Nxc5 22.axb4 axb4 23.O-O O-O
24.Ra7 Ra8 25.Rfa1 Rxa7 26.Rxa7 Ra8 27.Rxa8+ Bxa8 28.Ng4 Nd7 29.Nf6+ Nxf6
30.exf6 Kf8 31.Kf2 Ke8 32.Ke3 Kd7 33.Kd4 Kd6 34.Bf1 Bc6 35.Bd3 Bd7 36.Ba6 Be8
37.b3 Bd7 38.Bf1 Be8 39.Be2 Bd7 40.Bd3 Be8 41.g4 Bd7 42.g5 Bc6 43.c3 bxc3
44.Kxc3 e5 45.fxe5+ Kxe5 46.Bxg6 Kf4 47.Bxf7 Kxg5 48.Kd4 Kxf6 49.Bxd5 Bb5
50.Kc5 Bd3 51.b4 Kg5 52.Bc4 Be4 53.b5 Kxh6 54.b6 Bb7 55.Kd6 Kg5 56.Kc7 Be4
57.Bb5  1-0

[Event "BL9495 (Women)"]
[Site "Germany"]
[Date "1995.??.??"]
[Round "203"]
[White "Ehrke, Anja"]
[Black "Gempe, Anet"]
[Result "1-0"]
[WhiteElo "2205"]
[BlackElo "2115"]

1.e4 e6 2.d4 d5 3.Nc3 Nf6 4.e5 Nfd7 5.f4 c5 6.Nf3 Nc6 7.Be3 Qa5 8.Qd2 Be7
9.Bd3 a6 10.O-O cxd4 11.Nxd4 Nc5 12.a3 Nxd3 13.cxd3 O-O 14.b4 Qd8 15.Nxc6 bxc6
16.Bc5 a5 17.Na4 Ba6 18.Bb6 Qb8 19.bxa5 Bb5 20.Nc5 Rc8 21.a4 Bxc5+ 22.Bxc5 Ba6
23.Rfb1 Qc7 24.Rb6 f6 25.Bd6 Qd7 26.Bc5 Qc7 27.Re1 fxe5 28.Rxe5 Qd7 29.Qe3 Re8
30.f5 Bc8 31.Rb1 Rxa5 32.Re1 Kf7 33.fxe6+ Rxe6 34.Qf2+ Rf6 35.Re7+ Kg6 36.Qg3+ Qg4
37.Qc7 Rxc5 38.Rxg7+ Kh5 39.Rxg4 Bxg4 40.Qxh7+ Kg5 41.Qe7 Rc2 42.Rf1 Bf5
43.g4  1-0

[Event "BL2-O9495"]
[Site "Germany"]
[Date "1995.??.??"]
[Round "?"]
[White "Staller, Peter"]
[Black "Proehl, Holger"]
[Result "0-1"]
[WhiteElo "2390"]
[BlackElo "2285"]

1.e4 e6 2.d4 d5 3.Nc3 Nf6 4.e5 Nfd7 5.f4 c5 6.Nf3 Nc6 7.Be3 cxd4 8.Nxd4 Qb6
9.Ncb5 Nc5 10.Nb3 Bd7 11.c3 Nxe5 12.fxe5 Bxb5 13.Qd2 Rc8 14.Be2 Qa6 15.Nd4 Bxe2
16.Qxe2 Nd3+ 17.Kd1 Nxe5 18.Qxa6 bxa6 19.Kc2 Nc4 20.Bf2 Be7 21.Rhe1 O-O 22.Rad1 Bf6
23.Nb3 Rc7 24.Nc5 a5 25.Re2 Rfc8 26.Na4 h6 27.Kb1 Nd6 28.Bg3 Rc6 29.Bf2 Rc4
30.b3 R4c7 31.Bg3 Rc6 32.c4 Nf5 33.cxd5 Nxg3 34.hxg3 exd5 35.Nb2 Rc3 36.Nd3 a4
37.Nf4 axb3 38.axb3 Rxb3+ 39.Ka2 Rcc3 40.Nxd5 Ra3+ 41.Kb1 Rcb3+ 42.Kc1 Ra1+
43.Kd2 Rxd1+ 44.Kxd1 Bd4 45.Re4 Bc5 46.Rc4 Rd3+  0-1

[Event "BL9495 (Women)"]
[Site "Germany"]
[Date "1995.??.??"]
[Round "203"]
[White "Just, Anita"]
[Black "Schumacher, Britta"]
[Result "1/2-1/2"]
[WhiteElo "2135"]
[BlackElo "2095"]

1.e4 e6 2.d4 d5 3.Nc3 Nf6 4.e5 Nfd7 5.Nf3 c5 6.Be2 cxd4 7.Qxd4 Nc6 8.Qf4 a6
9.O-O Qc7 10.Qg3 Ndxe5 11.Bf4 f6 12.Rfe1 Bd6 13.Kh1 O-O 14.Bd3 Bd7 15.Re2 Rac8
16.Rae1 Nf7 17.Qh4 g6 18.Be3 Nce5 19.Bd4 Nxf3 20.gxf3 Ne5 21.Bxe5 fxe5 22.Rg1 Rf4
23.Qh6 Bf8 24.Qg5 Bg7 25.h4 Rxf3 26.Re3 Rxe3 27.fxe3 e4 28.Be2 Qe5 29.Qe7 Bc6
30.h5 gxh5 31.Rxg7+ Qxg7 32.Qxe6+ Qf7 33.Qxc8+ Kg7 34.Qh3 Kh6 35.Qg3 Qf6
36.Kg1 d4 37.Nd1 h4 38.Qg4 dxe3 39.Qh5+ Kg7 40.Qg4+ Qg6 41.Qxg6+ hxg6 42.Nxe3 Kf6
43.Bg4 Ke5 44.Kf2 Kf4 45.Bc8 g5 46.Ng2+ Ke5 47.Ke3 a5 48.Ne1 b6 49.c3 Bd5
50.b3 Bf7 51.Bg4 Bg6 52.Nc2 Bf5 53.Be2 h3 54.Kf2 Kf4 55.Nd4 Bd7 56.Bf1 Bg4
57.Be2 h2 58.Kg2 h1=Q+ 59.Kxh1 Bxe2 60.Nxe2+ Kf3 61.Ng1+ Kf2 62.b4 Ke3 63.bxa5 bxa5
64.Kg2 Kd3 65.c4 Kxc4 66.Kf2 Kd3 67.Ke1 a4 68.Ne2 Kc2 69.Ng3 Kd3 70.Ne2 g4
71.Ng3 e3 72.Ne2 Kc2 73.Ng3 a3 74.Ne2 Kd3 75.Ng3 Kc2 76.Ne2 Kb2 77.Kd1  1/2-1/2

[Event "BL2-W9495"]
[Site "Germany"]
[Date "1995.??.??"]
[Round "?"]
[White "Fleck, Juergen"]
[Black "Grabuzova, Tatiana"]
[Result "1/2-1/2"]
[WhiteElo "2380"]
[BlackElo "2380"]

1.e4 e6 2.d4 d5 3.Nc3 Nf6 4.e5 Ng8 5.Be3 b6 6.f4 Nh6 7.Nf3 Qd7 8.Bb5 c6 9.Ba4 a5
10.a3 Nf5 11.Bf2 h5 12.O-O Be7 13.Ne2 b5 14.Bb3 a4 15.Ba2 Qd8 16.Nc1 Nd7
17.Nd3 Nb6 18.g3 Nc4 19.Qe1 Qb6 20.h3 Bd7 21.Kg2 O-O-O 22.Qe2 Rdg8 23.g4 hxg4
24.hxg4 Nh6 25.g5  1/2-1/2

[Event "BL2-W9495"]
[Site "Germany"]
[Date "1995.??.??"]
[Round "?"]
[White "Rosenberger, Frank"]
[Black "Kishnev, Sergey"]
[Result "1/2-1/2"]
[WhiteElo "2295"]
[BlackElo "2470"]

1.e4 e6 2.d4 d5 3.Nc3 Nf6 4.e5 Nfd7 5.f4 c5 6.Nf3 Qb6 7.Na4 Qc6 8.Nc3 c4
9.g3 b5 10.Ne2 b4 11.c3 a5 12.Bh3 Nb6 13.O-O Na6 14.g4 h5 15.Ng3 hxg4 16.Bxg4 g6
17.Ng5 Ra7 18.Qe1 Nc7 19.Bd1 Be7 20.Bc2 Bd7 21.Qd1 Rh4 22.Nf3 Rh8 23.Ng5 Rh4
24.Nf3 Rh8 25.Ng5  1/2-1/2

[Event "Landesliga S9495 Bayern"]
[Site "Germany"]
[Date "1995.??.??"]
[Round "2"]
[White "Salvermoser, Bernd"]
[Black "Taeger, Winfried"]
[Result "1-0"]
[WhiteElo "2265"]
[BlackElo "2245"]

1.d4 e6 2.e4 d5 3.Nc3 Nf6 4.e5 Nfd7 5.f4 c5 6.Nf3 Nc6 7.Be3 cxd4 8.Nxd4 Bc5
9.Qd2 Nxd4 10.Bxd4 Bxd4 11.Qxd4 f6 12.Bb5 O-O 13.Bxd7 Bxd7 14.O-O-O Bc6 15.Rhe1 f5
16.Rd2 Qa5 17.Kb1 Rac8 18.Nd1 Ba4 19.Ne3 Rf7 20.h3 Rfc7 21.b3 Be8 22.g4 fxg4
23.hxg4 Rc6 24.Rc1 Ra6 25.c3 Rac6 26.Rdc2 h5 27.f5 hxg4 28.Qxg4 exf5 29.Nxf5 Qc7
30.Nd6 Rd8 31.Rf2 Qe7 32.Rcf1 Bd7 33.Qa4 Qe6 34.Rf6 Qh3  1-0

[Event "Landesliga S9495 Bayern"]
[Site "Germany"]
[Date "1995.??.??"]
[Round "8"]
[White "Wein, Ulrich"]
[Black "Baumgartner, Jakob"]
[Result "0-1"]
[WhiteElo "1955"]
[BlackElo "1835"]

1.e4 e6 2.d4 d5 3.Nc3 Nf6 4.e5 Nfd7 5.f4 c5 6.Nf3 Nc6 7.Be3 Be7 8.Be2 O-O
9.O-O f6 10.Na4 fxe5 11.fxe5 cxd4 12.Bxd4 Qa5 13.b3 Nxd4 14.Qxd4 b5 15.Qg4 Nb8
16.Nb2 Nc6 17.Bd3 Bd7 18.a4 Qb4 19.Qh3 h6 20.Qg3 Be8 21.axb5 Nd4 22.Ra4 Nxf3+
23.gxf3 Qc5+ 24.Kh1 Bxb5 25.Ra5 a6 26.Rxb5 axb5 27.Qg6 Bg5 28.Qxe6+ Kh8 29.Qg6 Kg8
30.e6 Rf4 31.Qh7+ Kf8 32.Qh8+ Ke7 33.Qxa8 Qe3 34.Qxd5 Rd4 35.Qc5+ Kxe6 36.Qc6+ Ke7
37.Qb7+  0-1

[Event "Glorney Cup U20"]
[Site "?"]
[Date "1995.??.??"]
[Round "?"]
[White "Kuipers, Eelco"]
[Black "Cobb, Charles"]
[Result "1/2-1/2"]
[WhiteElo "2035"]
[BlackElo "2170"]

1.e4 e6 2.d4 d5 3.Nc3 Nf6 4.e5 Nfd7 5.f4 c5 6.Nf3 Nc6 7.Be3 cxd4 8.Nxd4 Bc5
9.Qd2 O-O 10.O-O-O a6 11.Be2 Bxd4 12.Bxd4 b5 13.Kb1 b4 14.Na4 Nxd4 15.Qxd4 Qa5
16.b3 Bb7 17.Bf3 Bc6 18.Nb2 Qc5 19.Qxc5 Nxc5 20.Nd3 Nxd3 21.Rxd3 Bb5 22.Rd4 a5
23.a3 bxa3 24.c4 Bc6 25.cxd5 Bxd5 26.Bxd5 exd5 27.Ka2 Rfc8 28.Kxa3 Rab8 29.Rxd5 a4
30.Kxa4 Rc2 31.Ka3 Rxg2 32.Rhd1 Ra8+ 33.Kb4 Rb8+ 34.Ka3  1/2-1/2

[Event "Graz op"]
[Site "Graz"]
[Date "1995.??.??"]
[Round "3"]
[White "Balinov, Ilija"]
[Black "Kaminik, Aleksandar"]
[Result "1-0"]
[WhiteElo "2355"]
[BlackElo "2230"]

1.e4 e6 2.d4 d5 3.Nc3 Nf6 4.e5 Nfd7 5.f4 c5 6.Nf3 Nc6 7.Be3 a6 8.Qd2 b5 9.dxc5 Bxc5
10.Qf2 Qb6 11.Bxc5 Nxc5 12.Bd3 Bb7 13.O-O O-O-O 14.Rfd1 h6 15.Ne2 g5 16.c3 gxf4
17.Ned4 Ne4 18.Qh4 Ng5 19.Qxf4 Nxf3+ 20.gxf3 Rhg8+ 21.Kh1 Rg5 22.Nxc6 Qxc6
23.Qd4 f6 24.Re1 Qc7 25.f4 fxe5 26.Rxe5 Rxe5 27.fxe5 Rg8 28.Rg1 Qf7 29.Rg3 Rxg3
30.hxg3 Qf3+ 31.Kh2 Kb8 32.b4 Qd1 33.Bg6 Qe2+ 34.Kh3 Qf3 35.Kh4 Qh1+ 36.Kg4 Qc1
37.Bh7 Qg5+ 38.Kf3 Qc1 39.Kg2 Qb2+ 40.Kh3 Qc1 41.Bg8 h5 42.Kh4 Qh1+ 43.Kg5 Qf3
44.Bxe6 Qxg3+ 45.Kxh5 Qh2+ 46.Kg6 Qxa2 47.Bf5 Qg2+ 48.Kf6 Qg8 49.e6 Qf8+
50.Kg5 Qg8+ 51.Kf4 Qe8 52.Qe5+ Ka8 53.e7 d4 54.cxd4 Ka7 55.Qc5+ Ka8 56.Qc7  1-0

[Event "Wch U18"]
[Site "Guarapuava"]
[Date "1995.??.??"]
[Round "3"]
[White "Socko, Bartosz"]
[Black "Stojanovic, Mihajlo"]
[Result "1/2-1/2"]
[WhiteElo "2485"]
[BlackElo "2390"]

1.e4 e6 2.d4 d5 3.Nc3 Nf6 4.e5 Nfd7 5.f4 c5 6.Nf3 Nc6 7.Be3 Qb6 8.Na4 Qa5+
9.c3 b6 10.Bd2 c4 11.b4 Qa6 12.g3 b5 13.Nc5 Nxc5 14.bxc5 Qa3 15.Qc1 Qxc1+
16.Rxc1 a5 17.a3 Be7 18.Rb1 Bd7 19.Bg2 O-O 20.O-O Rfb8 21.Rb2 Rb7 22.Rfb1 Rab8
23.Kf2 f5 24.Ke3 Be8 25.Ne1 g5 26.Nc2 Nd8 27.fxg5 Bxg5+ 28.Ke2 Be7 29.Bf3 Nc6
30.Kf2 Kg7 31.Rg1 Bg6 32.Rgb1  1/2-1/2

[Event "Hafnarfjordur op"]
[Site "Hafnarfjordur"]
[Date "1995.??.??"]
[Round "5"]
[White "Riemersma, Liafbern"]
[Black "Thorhallsson, Throstur"]
[Result "0-1"]
[WhiteElo "2430"]
[BlackElo "2420"]

1.e4 e6 2.d4 d5 3.Nc3 Nf6 4.e5 Nfd7 5.f4 c5 6.Nf3 Nc6 7.Be3 a6 8.Qd2 cxd4
9.Nxd4 Bc5 10.O-O-O O-O 11.h4 Bxd4 12.Bxd4 b5 13.Rh3 b4 14.Na4 Qa5 15.b3 Nxd4
16.Qxd4 Bb7 17.Rg3 Rac8 18.Bd3 Nc5 19.f5 exf5 20.Bxf5 Ne6 21.Qg4 Qc7 22.Nb6 Rce8
23.Nxd5 Qxe5 24.Qh5 Qa1+ 25.Kd2 Qd4+ 26.Kc1 Qa1+ 27.Kd2 Qd4+ 28.Rd3 Qf2+
29.Kc1 g6 30.Nf6+ Kg7 31.Qxh7+ Kxf6 32.g4 Qf4+ 33.Kb1 gxf5 34.g5+ Ke5 35.Qh6 f6
36.Qh7 Be4 37.R3d2 fxg5 38.Rd6 Rd8 39.Rxd8 Rxd8 40.Rxd8 Nxd8 41.Qh8+ Ke6
42.Qe8+ Kd5 43.Qxd8+ Qd6 44.Qxg5 Qc7  0-1

[Event "Wch U20"]
[Site "Halle"]
[Date "1995.??.??"]
[Round "4"]
[White "Rowson, Jonathan"]
[Black "Kaminski, Marcin"]
[Result "0-1"]
[WhiteElo "2400"]
[BlackElo "2495"]

1.e4 e6 2.d4 d5 3.Nc3 Nf6 4.e5 Nfd7 5.f4 c5 6.Nf3 Nc6 7.Be3 cxd4 8.Nxd4 Qb6
9.Qd2 Qxb2 10.Rb1 Qa3 11.Bb5 Nxd4 12.Bxd4 Bb4 13.O-O a6 14.Rb3 Qa5 15.Bxd7+ Bxd7
16.f5 Bc5 17.Bxc5 Qxc5+ 18.Kh1 exf5 19.Nxd5 Be6 20.Rd3 Bxd5 21.Rxd5 Qc4 22.Rxf5 Qxa2
23.Rf1 O-O 24.Rd7 b5 25.Qd5 Qxd5 26.Rxd5 Rfd8 27.Rxd8+ Rxd8 28.Kg1 Rc8 29.Rd1 Kf8
30.Rd6 Rxc2 31.Rxa6 Ke7 32.Rb6 Rc5 33.Kf2 Rxe5 34.Kf3 g6 35.g4 Rc5 36.h3 h5
37.Kf4 Kf8 38.Rb8+ Kg7 39.Rb6 Rc4+ 40.Kg5 Rc5+ 41.Kf4 f6 42.Rb7+ Kh6 43.Rb6 Rc4+
44.Kf3 Rc3+  0-1

[Event "Wch U20"]
[Site "Halle"]
[Date "1995.??.??"]
[Round "5"]
[White "Hernandez, Alexander"]
[Black "Proehl, Holger"]
[Result "1/2-1/2"]
[WhiteElo "2275"]
[BlackElo "2365"]

1.e4 e6 2.d4 d5 3.Nc3 Nf6 4.e5 Nfd7 5.f4 c5 6.Nf3 Nc6 7.Ne2 Qb6 8.c3 f6 9.Rb1 cxd4
10.Nexd4 Nxd4 11.cxd4 Bb4+ 12.Bd2 O-O 13.Bxb4 Qxb4+ 14.Qd2 Qxd2+ 15.Kxd2 Nb6
16.b3 Bd7 17.Be2 Rac8 18.Rhc1 Kf7 19.a4 Rxc1 20.Rxc1 Rc8 21.Rxc8 Nxc8 22.g4 h6
23.h4 Ne7 24.Bd3 f5 25.g5 h5 26.Ne1 Ke8 27.Be2 g6 28.Kc3 Kd8 29.Nd3 b6 30.Bd1 Kc7
31.b4 a6 32.a5 b5 33.Nc5 Bc8 34.Be2 Kc6 35.Bd1 Kc7 36.Nb3 Kc6 37.Nc1 Bd7
38.Bf3 Kc7 39.Ne2 Kc6 40.Ng3 Be8  1/2-1/2

[Event "Wch U20 Girls"]
[Site "Halle"]
[Date "1995.??.??"]
[Round "8"]
[White "Peptan, Corina"]
[Black "Repkova Eid, Eva"]
[Result "1-0"]
[WhiteElo "2340"]
[BlackElo "2320"]

1.e4 e6 2.d4 d5 3.Nc3 Nf6 4.e5 Nfd7 5.f4 c5 6.Nf3 Nc6 7.Be3 a6 8.Qd2 b5 9.dxc5 Nxc5
10.Qf2 b4 11.Bxc5 bxc3 12.b3 Qa5 13.Bxf8 Kxf8 14.Bd3 Nb4 15.O-O Nxd3 16.cxd3 Bd7
17.Rac1 Rc8 18.Rc2 Kg8 19.Qa7 Be8 20.Rfc1 h6 21.Qb7 Rc7 22.Qb8 Re7 23.Rxc3 Qxa2
24.Qb4 Rd7 25.R3c2 a5 26.Qb8  1-0

[Event "Wch U20"]
[Site "Halle"]
[Date "1995.??.??"]
[Round "11"]
[White "Relange, Eloi"]
[Black "Proehl, Holger"]
[Result "0-1"]
[WhiteElo "2455"]
[BlackElo "2365"]

1.e4 e6 2.d4 d5 3.Nc3 Nf6 4.e5 Nfd7 5.f4 c5 6.Nf3 Nc6 7.Be3 cxd4 8.Nxd4 Qb6
9.Qd2 Qxb2 10.Rb1 Qa3 11.Bb5 Nxd4 12.Bxd4 Bb4 13.O-O a6 14.Rb3 Qa5 15.Rfb1 Ba3
16.Bxd7+ Bxd7 17.Qf2 Rc8 18.Kh1 Bc5 19.Ne2 Bxd4 20.Nxd4 b5 21.f5 exf5 22.Nxf5 Bxf5
23.Qxf5 O-O 24.Rh3 h6 25.e6 Rce8 26.Qxd5 Rxe6 27.Rf1 Re1 28.Rf3 Rxf1+ 29.Rxf1 Qc7
30.Qe4 Rc8 31.Rf2 Qc6 32.Qf5 Qe6 33.Qxe6 fxe6 34.Kg1 Rc3 35.a4 bxa4 36.Rf4 Rxc2
37.Rxa4 Rc6 38.Kf2 Kf7 39.Kf3 Ke7 40.Ke4 Kd6 41.Ra5 Kc7 42.Ke5 Kb6 43.Ra3 a5
44.Rg3 a4 45.Rxg7 a3 46.Rf7 a2 47.Rf1 Rc2 48.g4 Rxh2  0-1

[Event "Wichern op"]
[Site "Hamburg"]
[Date "1995.??.??"]
[Round "1"]
[White "Voigt, Martin"]
[Black "Gleizerov, Evgeny"]
[Result "0-1"]
[WhiteElo "2260"]
[BlackElo "2540"]

1.e4 e6 2.d4 d5 3.Nc3 Nf6 4.e5 Nfd7 5.f4 c5 6.Nf3 Qb6 7.Be3 a6 8.Qd2 Qxb2
9.Rb1 Qa3 10.f5 Nc6 11.Be2 cxd4 12.Nxd4 Nxd4 13.Bxd4 Bc5 14.Rb3 Qa5 15.fxe6 fxe6
16.Bh5+ g6 17.Bg4 Bxd4 18.Qxd4 Nc5 19.Rb4 O-O 20.Bf3 Bd7 21.O-O Rac8 22.h4 Rf7
23.h5 Rcf8 24.Re1 Rf4 25.Qxf4 Rxf4  0-1

[Event "Wichern op"]
[Site "Hamburg"]
[Date "1995.??.??"]
[Round "9"]
[White "Wegener, Dirk"]
[Black "Sandkamp, Ralph"]
[Result "1-0"]
[WhiteElo "2325"]
[BlackElo "2210"]

1.e4 e6 2.d4 d5 3.Nc3 Nf6 4.e5 Nfd7 5.f4 c5 6.Nf3 Nc6 7.Be3 cxd4 8.Nxd4 Qb6
9.Qd2 Qxb2 10.Rb1 Qa3 11.Bb5 Nxd4 12.Bxd4 Bb4 13.O-O a6 14.Rb3 Qa5 15.Bxd7+ Bxd7
16.Rfb1 Bc5 17.f5 Bc6 18.Kh1 exf5 19.e6 f6 20.Bxc5 Qxc5 21.Ne2 d4 22.Nxd4 Rd8
23.Rd3 O-O 24.Nxc6 Rxd3 25.Qxd3 bxc6 26.Qd7 Qd5 27.Rb7 Qxd7 28.Rxd7 Rb8 29.Kg1 Kf8
30.Rf7+ Ke8 31.Rxg7 Rb2 32.Rxh7 Rxa2 33.h4 Rxc2 34.h5 Rc1+ 35.Kh2 f4 36.h6 Rc5
37.Rh8+ Ke7 38.h7  1-0

[Event "Helsinki"]
[Site "Helsinki"]
[Date "1995.??.??"]
[Round "?"]
[White "Raaste, Eero J"]
[Black "Manninen, Marko"]
[Result "1-0"]
[WhiteElo "2355"]
[BlackElo "2365"]

1.e4 e6 2.d4 d5 3.Nc3 Nf6 4.e5 Nfd7 5.f4 c5 6.Nf3 Nc6 7.Be3 cxd4 8.Nxd4 Qb6
9.Ncb5 a6 10.Nf5 Bc5 11.Nbd6+ Kf8 12.Nxg7 Kxg7 13.Qg4+ Kf8 14.Qh5 Nd8 15.Qh6+ Kg8
16.Ne8  1-0

[Event "HUN-chT1"]
[Site "HUN"]
[Date "1995.??.??"]
[Round "?"]
[White "Almasi, Istvan"]
[Black "Vigh, Bela"]
[Result "1/2-1/2"]
[WhiteElo "2375"]
[BlackElo "2370"]

1.e4 e6 2.d4 d5 3.Nc3 Nf6 4.e5 Nfd7 5.f4 c5 6.Nf3 Nc6 7.Be3 Qb6 8.Na4 Qa5+
9.c3 cxd4 10.b4 Qd8 11.Nxd4 Nxd4 12.Bxd4 Nb8 13.Bd3 Nc6 14.Bc5 Bxc5 15.Nxc5 O-O
16.Qh5 g6 17.Qh6 Qe7 18.h4 f6 19.h5 Qg7 20.hxg6 hxg6 21.exf6 Rxf6 22.Qxg7+ Kxg7
23.O-O b6 24.Nb3 Bd7 25.Bb5 Nb8 26.Bd3 Nc6 27.Bb5 Nb8  1/2-1/2

[Event "HUN-chT1"]
[Site "HUN"]
[Date "1995.??.??"]
[Round "?"]
[White "Medvegy, Nora"]
[Black "Baranyai, Szabolcs Jr"]
[Result "0-1"]
[WhiteElo "2235"]
[BlackElo "2135"]

1.e4 e6 2.d4 d5 3.Nc3 Nf6 4.e5 Nfd7 5.Nf3 c5 6.dxc5 Nc6 7.Bf4 Bxc5 8.Bd3 f6
9.exf6 Nxf6 10.O-O O-O 11.Qd2 a6 12.Rae1 Bd6 13.Bg3 Bxg3 14.hxg3 Qd6 15.Re2 Bd7
16.Rfe1 Rae8 17.Ne5 Nxe5 18.Rxe5 Ng4 19.R5e2 Rf6 20.Qg5 e5 21.Nd1 e4 22.c4 Re5
23.Qd2 exd3 24.Rxe5 Nxe5 25.c5 Qc7 26.Qc3 Ng4 27.Qd4 Qc6 28.b4 Rf7 29.Qxd3 Qh6
30.Qxd5 Qh2+ 31.Kf1 Bb5+  0-1

[Event "HUN-chT1"]
[Site "HUN"]
[Date "1995.??.??"]
[Round "?"]
[White "Sherzer, Alex"]
[Black "Almasi, Istvan"]
[Result "0-1"]
[WhiteElo "2490"]
[BlackElo "2375"]

1.e4 e6 2.d4 d5 3.Nc3 Nf6 4.e5 Nfd7 5.f4 c5 6.Nf3 Nc6 7.Be3 Qb6 8.Be2 cxd4
9.Nxd4 Bc5 10.Na4 Qa5+ 11.c3 Nxd4 12.Bxd4 Bxd4 13.Qxd4 b6 14.O-O Ba6 15.Bxa6 Qxa6
16.f5 O-O 17.b3 b5 18.Nc5 Nxc5 19.Qxc5 Rfc8 20.Qb4 Qb6+ 21.Kh1 a5 22.Qg4 exf5
23.Rxf5 Rxc3 24.Raf1 Qe6 25.h3 Rc7 26.Qg3 Rac8 27.Rf6 Qe8 28.R1f5 Re7 29.Rd6 Rd8
30.Kh2 Re6 31.Qd3 Rdxd6 32.exd6 Rxd6 33.Rxd5 Rxd5 34.Qxd5 Qb8+ 35.Kg1 g6
36.Kf2 Qb6+ 37.Kg3 h5 38.Kh2 Kg7 39.Kh1 f6 40.Qd7+ Kh6 41.Qd2+ g5 42.Qd5 b4
43.g4 hxg4 44.hxg4 Qf2 45.Qe6 Qb2 46.Qf7 Qc1+ 47.Kg2 Qd2+ 48.Kf1 Qd1+ 49.Kf2 Qd2+
50.Kf1 Qf4+ 51.Ke1 Qxg4 52.Qxf6+ Kh5 53.Qh8+ Kg6 54.Qg8+ Kf5 55.Kf2 Qd4+
56.Kg3 Qg1+ 57.Kf3 g4+ 58.Ke2 Qg2+ 59.Ke1 Qe4+ 60.Kf2 Qf3+ 61.Kg1 Qg3+ 62.Kf1 Qf3+
63.Kg1 g3 64.Qc8+ Ke4 65.Qe6+ Kd3 66.Qc4+ Kd2 67.Qd4+ Kc2 68.Qc5+ Kb2 69.Qe5+ Qc3
70.Qe2+ Ka3 71.Qe6 Qa1+ 72.Kg2 Qxa2+ 73.Kh3 Qh2+ 74.Kg4 g2 75.Kf3 g1=N+ 76.Ke4 Qe2+
77.Kf5 Qxe6+  0-1

[Event "HUN-chT1"]
[Site "HUN"]
[Date "1995.??.??"]
[Round "?"]
[White "Sherzer, Alex"]
[Black "Vigh, Bela"]
[Result "1-0"]
[WhiteElo "2490"]
[BlackElo "2370"]

1.e4 e6 2.d4 d5 3.Nc3 Nf6 4.e5 Nfd7 5.f4 c5 6.Nf3 Nc6 7.Be3 Qb6 8.Be2 cxd4
9.Nxd4 Bc5 10.Na4 Qa5+ 11.c3 Bxd4 12.Bxd4 Nxd4 13.Qxd4 O-O 14.O-O b6 15.Bd1 Ba6
16.Rf3 Qb5 17.b4 Qc6 18.Nb2 Qc7 19.a4 Rac8 20.Bc2 g6 21.Re1 Bb7 22.f5 exf5
23.Bxf5 Rfe8 24.e6 Nf8 25.e7 Rxe7 26.Rxe7 Qxe7 27.Bxc8 Bxc8 28.Re3 Ne6 29.Qxd5 Bb7
30.Qe5 Qd7 31.Nd3 h6 32.b5 Kh7 33.h3 Qd8 34.Nf2 Qd2 35.Rd3 Qc1+ 36.Rd1 Qc2
37.Rd7 Qc1+ 38.Kh2 Qf1 39.Rxf7+ Kg8 40.Rxb7  1-0